MARC details
| 000 -CABECERA |
| campo de control de longitud fija |
03011nam a2200469 a 4500 |
| 003 - IDENTIFICADOR DEL NÚMERO DE CONTROL |
| campo de control |
CHAP |
| 005 - FECHA Y HORA DE LA ÚLTIMA TRANSACCIÓN |
| campo de control |
20240918115008.0 |
| 007 - CAMPO FIJO DE DESCRIPCIÓN FÍSICA--INFORMACIÓN GENERAL |
| campo de control de longitud fija |
cr ||||||a|c|a |
| 008 - DATOS DE LONGITUD FIJA--INFORMACIÓN GENERAL |
| campo de control de longitud fija |
101029s2010 mx r 00010 spa d |
| 035 ## - NÚMERO DE CONTROL DEL SISTEMA |
| Número de control de sistema |
111291 |
| 040 ## - FUENTE DE LA CATALOGACIÓN |
| Centro/agencia transcriptor |
CHAP |
| 090 ## - LOCALMENTE ASIGNADO TIPO-LC NÚMERO DE CLASIFICACIÓN (OCLC); NÚMERO DE CLASIFICACIÓN LOCAL (RLIN) |
| Número de clasificación (OCLC) (R) ; Numero de clasificación, CALL (RLIN) (NR) |
Tesis |
| 100 1# - ENTRADA PRINCIPAL--NOMBRE DE PERSONA |
| Nombre de persona |
Cortina Aguilera, Gibrán Gerónimo |
| 9 (RLIN) |
28311 |
| 245 10 - MENCIÓN DE TÍTULO |
| Título |
Rentabilidad y ventajas comparativas de la producción de trigo grano en el DDR 003 de León Guanajuato |
| Mención de responsabilidad, etc. |
/por Gibrán Gerónimo Cortina Aguilera; director Alejandro de la Rosa Zamora |
| 264 #1 - PRODUCCIÓN, PUBLICACIÓN, DISTRIBUCIÓN, FABRICACIÓN Y COPYRIGHT |
| Producción, publicación, distribución, fabricación y copyright |
Chapingo, Méx. : |
| Nombre del de productor, editor, distribuidor, fabricante |
El autor, |
| Fecha de producción, publicación, distribución, fabricación o copyright |
2010. |
| 300 ## - DESCRIPCIÓN FÍSICA |
| Extensión |
1 recurso en línea (102 páginas): |
| Otras características físicas |
cuadros, figuras |
| 336 ## - TIPO DE CONTENIDO |
| Fuente |
rdacontent |
| Término de tipo de contenido |
texto |
| Código de tipo de contenido |
txt |
| 337 ## - TIPO DE MEDIO |
| Fuente |
rdamedia |
| Nombre/término del tipo de medio |
computadora |
| Código del tipo de medio |
c |
| 338 ## - TIPO DE SOPORTE |
| Fuente |
rdacarrier |
| Nombre/término del tipo de soporte |
recursos en línea |
| Código del tipo de soporte |
cr |
| 502 ## - NOTA DE TESIS |
| Tipo de título |
Licenciado en Economía Agrícola |
| Nombre de la institución que otorga el título |
División de Ciencias Económico Administrativas, |
| Año de obtención del título |
2010 |
| Información miscelánea |
Licenciatura |
| 520 ## - SUMARIO, ETC. |
| Sumario, etc. |
El cultivo de trigo grano constituye uno de los principales insumos para la elaboración de alimentos procesados en México, como son la elaboración de pastas, el pan, la industria pastelera etc. Además de constituir una fuente de ingreso y empleo para los agricultores de León Guanajuato. La presente investigación, tiene el objetivo de determinar la rentabilidad y las ventajas comparativas de la producción de trigo grano en el Distrito de Desarrollo rural 03, con sede en León, Guanajuato. Mediante el uso de la Metodología de la Matriz de Análisis de Políticas Agrícolas para el ciclo agrícola otoño - Invierno2008-2009. Las tecnologías analizadas fueron: Bombeo Mejorado Fertilizado (BMF), Gravedad Mejorado Fertilizado y Gravedad /Labranza de Conservación (GMF/LC). Encontrando los siguientes resultados; la tecnología más rentable en el DDR 03 de León, es la Labranza de Conservación, principalmente por los bajos cotos en las labores mecanizadas, siguiéndole la de riego por gravedad y por último la de riego por bombeo. En todas las tecnologías estudiadas, la renta de la tierra es de gran relevancia, ya que, si este factor es propio o rentado repercute de manera significativa en que estas tecnologías sean rentables y exhiban ventaja comparativa. |
| 650 14 - PUNTO DE ACCESO ADICIONAL DE MATERIA--TÉRMINO DE MATERIA |
| Término de materia o nombre geográfico como elemento de entrada |
Trigo |
| Subdivisión general |
Guanajuato. |
| 9 (RLIN) |
115035 |
| 650 14 - PUNTO DE ACCESO ADICIONAL DE MATERIA--TÉRMINO DE MATERIA |
| Término de materia o nombre geográfico como elemento de entrada |
Trigo |
| Subdivisión general |
Procesado. |
| 9 (RLIN) |
115081 |
| 650 14 - PUNTO DE ACCESO ADICIONAL DE MATERIA--TÉRMINO DE MATERIA |
| Término de materia o nombre geográfico como elemento de entrada |
Trigo |
| Subdivisión general |
Rendimiento. |
| 9 (RLIN) |
115092 |
| 650 14 - PUNTO DE ACCESO ADICIONAL DE MATERIA--TÉRMINO DE MATERIA |
| Término de materia o nombre geográfico como elemento de entrada |
Trigo |
| Subdivisión general |
Semillas. |
| 9 (RLIN) |
115101 |
| 650 14 - PUNTO DE ACCESO ADICIONAL DE MATERIA--TÉRMINO DE MATERIA |
| Término de materia o nombre geográfico como elemento de entrada |
Trigo |
| Subdivisión general |
Subproductos. |
| 9 (RLIN) |
115105 |
| 700 0# - PUNTO DE ACCESO ADICIONAL--NOMBRE DE PERSONA |
| Nombre de persona |
Rosa Zamora, Alejandro de la |
| 9 (RLIN) |
99868 |
| Término indicativo de función/relación |
Director |
| 856 ## - LOCALIZACIÓN Y ACCESO ELECTRÓNICOS |
| Identificador Uniforme del Recurso |
http://10.13.5.2/tesis/111291.pdf |
| Nota pública |
DESCARGAR PDF |
| 942 ## - ELEMENTOS DE PUNTO DE ACCESO ADICIONAL (KOHA) |
| Tipo de ítem Koha |
Tesis digital |
| Fuente del sistema de clasificación o colocación |
Clasificación Universidad Autónoma Chapingo |
| 590 ## - NOTA LOCAL (RLIN) |
| Nota local |
ALEPH |
| Procedencia (VM) [OBSOLETO] |
10 |
| Condición del los carretes individuales (VM) [OBSOLETO] |
20130110 |
| 590 ## - NOTA LOCAL (RLIN) |
| Nota local |
BATCH-UPD |
| Procedencia (VM) [OBSOLETO] |
10 |
| Condición del los carretes individuales (VM) [OBSOLETO] |
20130110 |
| 590 ## - NOTA LOCAL (RLIN) |
| Nota local |
BATCH-UPD |
| Procedencia (VM) [OBSOLETO] |
10 |
| Condición del los carretes individuales (VM) [OBSOLETO] |
20130410 |
| 590 ## - NOTA LOCAL (RLIN) |
| Nota local |
BATCH-UPD |
| Procedencia (VM) [OBSOLETO] |
10 |
| Condición del los carretes individuales (VM) [OBSOLETO] |
20130914 |
| 590 ## - NOTA LOCAL (RLIN) |
| Nota local |
BATCH-UPD |
| Procedencia (VM) [OBSOLETO] |
10 |
| Condición del los carretes individuales (VM) [OBSOLETO] |
20140324 |
| 590 ## - NOTA LOCAL (RLIN) |
| Nota local |
BATCH-UPD |
| Procedencia (VM) [OBSOLETO] |
10 |
| Condición del los carretes individuales (VM) [OBSOLETO] |
20141002 |
| 590 ## - NOTA LOCAL (RLIN) |
| Nota local |
CONVERSION |
| Procedencia (VM) [OBSOLETO] |
10 |
| Condición del los carretes individuales (VM) [OBSOLETO] |
20130109 |
| 901 ## - ELEMENTOS DE DATOS A LOCAL LDA (RLIN) |
| a |
BK |
| 949 ## - PROCESAMIENTO DE INFORMACIÓN LOCAL (OCLC) |
| a |
Tesis |
| b |
BC |
| c |
TES |
| d |
33724002214272 |
| e |
TS1 |
| g |
DonaciØn |
| h |
51325 |
| i |
111291 |
| s |
b |
| 949 ## - PROCESAMIENTO DE INFORMACIÓN LOCAL (OCLC) |
| a |
Tesis |
| b |
BC |
| c |
TES |
| d |
33724002214280 |
| e |
TS1 |
| f |
c.2 |
| g |
DonaciØn |
| h |
51326 |
| i |
111291 |
| s |
b |